000 00445nam a2200157 i 4500
001 43853
003 ES-MaACL
005 20230906160905.0
007 t|
008 030318s1933 it ||||1| ita d
100 1 _aCavaglieri, Arrigo.
_937136
245 1 0 _aLezioni di Diritto Internazionale Privado /
_cArrigo Cavaglieri.
260 _aNapoli :
_b[s.n.,
_c1933] (
_fTip. Sangiovanni)
300 _a423 p. ;
_c26 cm.
852 _aES-MaACL
_jB-1329
999 _c43853
_d43853